Le Sud (Nino Ferrer) - Paroles - Statistiques

Statistiques générales
  • Ce quiz a été pris 5 636 fois
    5 253 depuis la dernière actualisation
  • Le résultat moyen est 131 sur 160
Statistiques - réponses
Paroles % Correct
d'
99%
l'
99%
à
98%
À
98%
a
98%
le
98%
Le
98%
Sud
98%
la
97%
On
97%
on
97%
un
97%
Un
97%
dirait
96%
du
96%
en
96%
Et
96%
C'
95%
c'
95%
est
94%
été.
93%
temps
93%
qu'
92%
dure
91%
longtemps.
91%
million
91%
toujours
91%
années
90%
Italie.
90%
qui
90%
ressemble
90%
sur
90%
endroit
89%
n'
89%
Plus
89%
Il
88%
il
88%
Louisiane
88%
vie
88%
y
88%
joli.
84%
de
81%
sûrement
81%
étendu
79%
linge
79%
terrasse.
77%
des
75%
ne
68%
bien.
65%
une
65%
poissons
64%
rouges
64%
chat,
60%
tortue,
60%
pour
59%
rien.
59%
jour
58%
sait
57%
était
56%
manque
56%
guerre
55%
même
54%
pas
54%
chiens.
53%
ou
53%
plein
53%
se
53%
enfants
52%
faudra
52%
pelouse.
52%
ait
50%
mais
50%
pourtant
50%
Tant
49%
autre
48%
pis
47%
dit
46%
destin.
45%
faire.
45%
aurait
44%
quoi
44%
ça,
43%
pu
43%
vivre
42%
roulent
40%
aime
39%
Aucun quiz correspondant
Distribution des résultats
% des personnes avec chaque résultat
Percentile par nombre de réponses
Votre historique - résultats
Vous n’avez pas pris ce quiz depuis la dernière actualisation